History by Images - 'G' - Statistics

General Stats
  • This quiz has been taken 93 times
  • The average score is 10 of 16
Answer Stats
Picture Hint Answer % Correct
Italian astronomer Galileo Galilei
96%
First U.S. President George Washington
95%
Nazi secret police Gestapo
91%
His grandson united China Genghis Khan
89%
Birthplace of Columbus Genoa
86%
British king during American revolution George III
70%
1937 painting Guernica
69%
WWI military campaign Gallipoli
64%
Moorish Kingdom Granada
55%
Attempt to assassinate James I Gunpowder Plot
51%
Cut by Alexander Gordian Knot
48%
Discovered by the 7th answer Ganymede
43%
Once lead by Omar Bongo Gabon
34%
Ancient Indian dynasty Gupta
24%
Greek physician Galen
23%
Glavnoye Upravleniye LAGerey Gulag
21%
No matching quizzes found
Score Distribution
Percent of People with Each Score
Percentile by Number Answered
Your Score History
You have not taken this quiz